000 00947nam a22002897a 4500
001 000544
003 DO-SdBNP
005 20240424125635.0
007 000544
008 161011b1997 sp a b ||| 00| 0 spa d
020 _a8480551283
040 _aBPMSU
_bspa
_cBPMSU
082 4 _aR577.5
_bC965a 1997
_222
100 1 _aCuello i Subirana, Josep
_d1948-
245 1 0 _aAtlas mundial del medio ambiente :
_bpreservación de la naturaleza /
_ctextos, Josep Cuello i Subirana, José Tola Alonso
260 _aMadrid :
_bCultural,
_c1997.
300 _a112 p. :
_bil., mapas ;
_c35 cm.
500 _aIncluye índice
590 _aInventariado, 2024/VM
650 4 _aEcología
_vAtlas
650 4 _aProtección del medio ambiente
_vAtlas
650 4 _aParques nacionales y reservas
650 4 _aEcología humana
_vAtlas
700 1 _aTola, José Alonso,
_d1947-
910 _aVMateo V. Control de calidad. BPMSU
942 _2ddc
_cBK
999 _c11532
_d11532